Educación sexual de niños, niñas y jóvenes con discapacidad intelectual: guía para el docente
محفوظ في:
| مؤلف مشترك: | |
|---|---|
| التنسيق: | كتاب |
| اللغة: | الإسبانية |
| منشور في: |
Santiago
Ministerio de Educación
2007
|
| الطبعة: | 1a. ed |
| الموضوعات: | |
| الوسوم: |
إضافة وسم
لا توجد وسوم, كن أول من يضع وسما على هذه التسجيلة!
|
MARC
| LEADER | 00000nam a2200000 a 4500 | ||
|---|---|---|---|
| 001 | UCI7508 | ||
| 003 | CL-VaPUC | ||
| 008 | 080703e20070000CL |||||||||||||||||spa|d | ||
| 020 | |a 9789562921787 | ||
| 082 | 0 | 4 | |a 372.372 |b MIN |2 21 |
| 110 | 2 | |a Ministerio de Educación |e author |9 530760 | |
| 245 | 1 | 0 | |a Educación sexual de niños, niñas y jóvenes con discapacidad intelectual: guía para el docente |
| 250 | |a 1a. ed | ||
| 300 | |a 131 p | ||
| 942 | |c BK | ||
| 945 | |d 20080703 00:00:00 |a jtorresc | ||
| 260 | |a Santiago |b Ministerio de Educación |c 2007 | ||
| 650 | 0 | |a Educación sexual |9 308005 | |
| 650 | 0 | |a Educación especial |9 307486 | |
| 650 | 0 | |a Desarrollo individual |9 307875 | |
| 650 | 0 | |a Comportamiento |9 308406 | |
| 650 | 0 | |a Adolescentes |9 308058 | |
| 650 | 7 | |a GUIAS PEDAGOGICAS |2 CL-VaPUC |9 530761 | |
| 583 | |a last modification |c 20080703 00:00:00 |k Rodrigo Vera | ||
| 999 | |c 330762 |d 330760 | ||
| 952 | |0 0 |1 0 |4 0 |6 372_372000000000000_MIN_2007 |7 0 |8 A |9 416523 |a BIBEDU |b BIBEDU |d 2019-11-22 |i 4454111 |o 372.372 MIN 2007 |p 4454111 |r 2019-11-22 |w 2019-11-22 |y BK |k EDI | ||
| 952 | |0 0 |1 0 |4 0 |6 372_372000000000000_MIN_2007 |7 0 |8 A |9 416524 |a BIBEDU |b BIBEDU |d 2019-11-22 |i 445412K |l 1 |o 372.372 MIN 2007 |p 445412K |r 2022-06-14 |s 2022-06-14 |w 2019-11-22 |y BK |k EDI | ||
| 952 | |0 0 |1 0 |4 0 |6 372_372000000000000_MIN_2007 |7 0 |8 A |9 416525 |a BIBGIM |b BIBGIM |d 2019-11-22 |i 4602811 |o 372.372 MIN 2007 |p 4602811 |r 2025-01-15 |w 2019-11-22 |y BK |k GIM | ||
| 952 | |0 0 |1 0 |4 0 |6 372_372000000000000_MIN_2007 |7 0 |8 A |9 416526 |a BIBTEO |b BIBTEO |d 2019-11-22 |i 4602803 |o 372.372 MIN 2007 |p 4602803 |r 2025-01-17 |w 2019-11-22 |y BK |k ICR | ||
| 952 | |0 0 |1 0 |4 0 |6 372_372000000000000_MIN_2007 |7 0 |8 A |9 416527 |a BIBEDU |b BIBEDU |d 2019-11-22 |i 4602781 |o 372.372 MIN 2007 |p 4602781 |r 2019-11-22 |w 2019-11-22 |y BK |k EDU | ||
| 952 | |0 0 |1 0 |4 0 |6 372_372000000000000_MIN_2007 |7 0 |8 A |9 416528 |a BIBEDU |b BIBEDU |d 2019-11-22 |i 4602773 |o 372.372 MIN 2007 |p 4602773 |r 2019-11-22 |w 2019-11-22 |y BK |k EDU | ||